[Event "SVK-chT5 A22 2223"]
[Site "Slovakia"]
[Date "2023.03.18"]
[Round "9.2"]
[White "Rusnacik, Milan"]
[Black "Rachelova, Diana"]
[Result "1/2-1/2"]
[WhiteElo "1301"]
[BlackElo "1139"]
[PlyCount "44"]
[EventDate "2022.10.15"]
[EventType "team-tourn"]
[EventRounds "9"]
[EventCountry "SVK"]
[SourceTitle "EXT 2024"]
[Source "ChessBase"]
[SourceDate "2023.10.10"]
[SourceVersion "1"]
[SourceVersionDate "2023.10.10"]
[SourceQuality "1"]
[WhiteTeam "Modranka Komplet Seniors"]
[BlackTeam "Dunajska Streda V"]
[WhiteTeamCountry "SVK"]
[BlackTeamCountry "SVK"]

1. d4 d5 2. c4 dxc4 3. Nc3 Nf6 4. Nf3 Bg4 5. e3 e6 6. a3 Nc6 7. Bxc4 a6 8. 0-0 Bd6 9. Be2 0-0 10. Bd2 Re8 11. Rc1 Qd7 12. Re1 Rad8 13. h3 Bh5 14. Nb1 Ne4 15. Bc3 Nxc3 16. Rxc3 Bg6 17. Nbd2 e5 18. Nh4 Qe6 19. d5 Qxd5 20. Nxg6 hxg6 21. Bc4 Qa5 22. Qf3 Rd7 1/2-1/2

[Event "SVK-chT4 A22 1718"]
[Site "Slovakia"]
[Date "2017.10.29"]
[Round "3.6"]
[White "Green, William Bowie"]
[Black "Rusnacik, Milan"]
[Result "0-1"]
[WhiteElo "1000"]
[BlackElo "1315"]
[PlyCount "118"]
[EventDate "2017.10.01"]
[EventType "team-tourn"]
[EventRounds "11"]
[EventCountry "SVK"]
[SourceTitle "EXT 2020"]
[Source "ChessBase"]
[SourceDate "2019.10.17"]
[SourceVersion "1"]
[SourceVersionDate "2019.10.17"]
[SourceQuality "1"]

1. e4 c5 2. f3 d6 3. d3 Nc6 4. Nc3 Nf6 5. h3 h6 6. g4 e6 7. a3 Be7 8. Nge2 Qc7 9. Be3 Bd7 10. Nb5 Qd8 11. c4 a6 12. Nbc3 Rc8 13. Na4 Ne5 14. Nb6 Qxb6 15. Ng3 0-0 16. b3 Qc7 17. Be2 Ne8 18. 0-0 Bh4 19. Nh5 Nf6 20. Nxf6+ Bxf6 21. f4 Ng6 22. f5 exf5 23. gxf5 Nh4 24. Qe1 Bxa1 25. Qxa1 Qd8 26. Kh1 f6 27. Rg1 Qe7 28. Bxh6 Rf7 29. Qe1 Nxf5 30. exf5 Bc6+ 31. Kh2 Qe5+ 32. Rg3 Re8 33. Be3 Rfe7 34. Qf2 Kf8 35. Bh5 Rd8 36. h4 Bd7 37. Bg4 b5 38. h5 Kf7 39. h6 Rh8 40. Bh5+ Kf8 41. Kg2 Bc6+ 42. Bf3 Qxe3 43. Bxc6 Qxf2+ 44. Kxf2 Rxh6 45. Bf3 Rh2+ 46. Rg2 Rxg2+ 47. Bxg2 bxc4 48. bxc4 g5 49. a4 Re5 50. Bh3 d5 51. Kf3 dxc4 52. dxc4 Re1 53. Bg2 Ra1 54. Ke3 Rxa4 55. Ke4 Rxc4+ 56. Kd5 Rc1 57. Be4 Ke7 58. Bd3 a5 59. Bb5 a4 0-1

[Event "Oravska Priehrada op"]
[Site "Namestovo"]
[Date "2017.08.27"]
[Round "5"]
[White "Hudak, Michal"]
[Black "Rusnacik, Milan"]
[Result "0-1"]
[WhiteElo "1037"]
[BlackElo "1338"]
[PlyCount "90"]
[EventDate "2017.08.25"]
[EventType "swiss"]
[EventRounds "7"]
[EventCountry "SVK"]
[SourceTitle "CBM 180 Extra"]
[Source "ChessBase"]
[SourceDate "2017.10.06"]
[SourceVersion "1"]
[SourceVersionDate "2017.10.06"]
[SourceQuality "1"]

1. e4 c5 2. Nf3 Nc6 3. Bb5 Qc7 4. Nc3 e6 5. Qe2 a6 6. Bc4 Nd4 7. Qd3 Nc6 8. a3 d6 9. Qe2 Nf6 10. b3 Be7 11. b4 cxb4 12. axb4 Nxb4 13. Bb5+ Bd7 14. Qd1 Rc8 15. Bxd7+ Qxd7 16. Ba3 Nc6 17. d4 0-0 18. 0-0 Qc7 19. Re1 e5 20. d5 Na5 21. Bb4 Nc4 22. Rf1 a5 23. Ba3 Nxa3 24. Rxa3 b6 25. Ne1 Rb8 26. f4 Qc5+ 27. Rf2 Qxa3 28. Rf3 Qc5+ 29. Kf1 b5 30. fxe5 dxe5 31. Qd2 Rfd8 32. Nd1 Ng4 33. g3 Nf6 34. Rf5 Qc4+ 35. Kg1 Qxe4 36. Ne3 Bc5 37. Rf2 Bxe3 38. Qd1 Bxf2+ 39. Kxf2 Ng4+ 40. Kf1 Ne3+ 41. Kf2 Nxd1+ 42. Kf1 Rxd5 43. Kg1 Rd2 44. Kf1 Qe2+ 45. Kg1 Qxe1# 0-1

[Event "Oravska Priehrada op"]
[Site "Namestovo"]
[Date "2017.08.26"]
[Round "3"]
[White "Salva, Vladimir"]
[Black "Rusnacik, Milan"]
[Result "1-0"]
[WhiteElo "1642"]
[BlackElo "1338"]
[PlyCount "67"]
[EventDate "2017.08.25"]
[EventType "swiss"]
[EventRounds "7"]
[EventCountry "SVK"]
[SourceTitle "CBM 180 Extra"]
[Source "ChessBase"]
[SourceDate "2017.10.06"]
[SourceVersion "1"]
[SourceVersionDate "2017.10.06"]
[SourceQuality "1"]

1. d4 Nf6 2. c4 e6 3. Nc3 d5 4. Bg5 Be7 5. e3 c6 6. cxd5 cxd5 7. Nf3 0-0 8. Bb5 Nc6 9. 0-0 Bd7 10. Rc1 Rc8 11. a3 h6 12. Bh4 a6 13. Ba4 b5 14. Bc2 Re8 15. Qd3 g6 16. Ne5 Nxe5 17. dxe5 Nh7 18. Bxe7 Qxe7 19. f4 Rb8 20. b4 Red8 21. Rf3 Be8 22. Rh3 Kg7 23. Rf1 Qa7 24. Ne2 Rbc8 25. Nd4 Qc7 26. Rff3 h5 27. Rfg3 Kf8 28. Rxg6 Ke7 29. Rg7 Nf8 30. Rxh5 Rd7 31. Rh8 Ng6 32. Qxg6 Kd8 33. Rxe8+ Kxe8 34. Rg8+ 1-0

[Event "SVK-chT4 A22 1516"]
[Site "Slovakia"]
[Date "2016.02.07"]
[Round "8.2"]
[White "Suchan, Jozef"]
[Black "Rusnacik, Milan"]
[Result "1-0"]
[WhiteElo "1727"]
[BlackElo "1308"]
[PlyCount "75"]
[EventDate "2015.10.04"]
[EventType "team-tourn"]
[EventRounds "11"]
[EventCountry "SVK"]
[SourceTitle "EXT 2020"]
[Source "ChessBase"]
[SourceDate "2019.10.17"]
[SourceVersion "1"]
[SourceVersionDate "2019.10.17"]
[SourceQuality "1"]

1. d4 Nf6 2. c4 d5 3. e3 e6 4. Nf3 Be7 5. Bd3 Nbd7 6. Nc3 b6 7. 0-0 0-0 8. b3 Bb7 9. Bb2 Rc8 10. Rc1 c5 11. Re1 cxd4 12. exd4 dxc4 13. bxc4 Re8 14. Ne5 Nf8 15. Re3 Qxd4 16. Bxh7+ N8xh7 17. Qxd4 Bc5 18. Qf4 Bxe3 19. fxe3 Red8 20. e4 Rd4 21. Rd1 Rxd1+ 22. Nxd1 Bxe4 23. Ne3 Nf8 24. N5g4 Nxg4 25. Qxe4 Nxe3 26. Qxe3 Rxc4 27. Qd3 b5 28. Qg3 Ng6 29. Qb8+ Kh7 30. Qxb5 Re4 31. Qh5+ Kg8 32. Qf3 Ra4 33. a3 Ra6 34. Qc3 f6 35. Qc8+ Kh7 36. Qxa6 e5 37. Qxa7 Nf4 38. a4 1-0

[Event "SVK-chT3A2 1314"]
[Site "Slovakia"]
[Date "2013.11.10"]
[Round "3.1"]
[White "Rusnacik, Milan"]
[Black "Diviak, Rudolf"]
[Result "0-1"]
[WhiteElo "1319"]
[BlackElo "1797"]
[PlyCount "68"]
[EventDate "2013.10.13"]
[EventType "team-tourn"]
[EventRounds "11"]
[EventCountry "SVK"]
[SourceTitle "EXT 2015"]
[Source "ChessBase"]
[SourceDate "2014.11.20"]
[SourceVersion "1"]
[SourceVersionDate "2014.11.20"]
[SourceQuality "1"]
[WhiteTeam "Trnava Modranka Jun"]
[BlackTeam "Senica CVC"]
[WhiteTeamCountry "SVK"]
[BlackTeamCountry "SVK"]

1. d4 Nf6 2. c4 d6 3. Nc3 g6 4. e4 Bg7 5. f3 0-0 6. Bd3 Nbd7 7. Nge2 e5 8. d5 Ne8 9. Be3 f5 10. g3 b6 11. Qd2 Nc5 12. Bc2 fxe4 13. fxe4 Bh3 14. 0-0-0 Nf6 15. Bg5 Qc8 16. Kb1 Bg2 17. Rhg1 Bxe4 18. Bxf6 Bxc2+ 19. Qxc2 Rxf6 20. Ne4 Nxe4 21. Qxe4 Qf5 22. Nc3 Raf8 23. Qxf5 Rxf5 24. Nb5 R8f7 25. Nxa7 Rf2 26. h4 e4 27. Kc1 Rxb2 28. Rd2 Rf2 29. Rxb2 Bxb2+ 30. Kb1 Bd4 31. Rd1 Bc5 32. Nb5 e3 33. Nc3 e2 34. Re1 Rf1 0-1